000 00575nam a22002057a 4500
010 _aA-213050
020 _a0824710851
035 _aA-213050
037 _bCen Lib / Ret
040 _aDPL
_bEN
082 _a547.8
_bCAR
245 _aPhysical methods in macromolecular chemistry /
_cedited by Benjamin Carroll
260 _aNew York
_bMarcel Dekker, Inc
_c1972
270 _a95 Madison Avenue
_bNew York
300 _a(v 2. viii, 369)
_b24cm
650 _aMacromolecules.
650 _aMacromolecules.
700 _aCarroll, Benjamin
942 _2ddc
_cEN
_k547.8
_mCAR
999 _c136587
_d136587